00441nam a2200157Ia 450000100060000000800410000602000150004704000130006208200190007510000190009424500690011326000540018250100120023654600070024865000280025565916150404s9999 xx 000 0 und d a1858985269 cPK-LaUMT a 330.092bLEG- aEarl, Peter E. 4aThe legacy of Herbert Simon in economic analysiscEarl, Peter E. aCheltenham,UK:bElgar Reference Collection,c2001 a2 vols. aEN aEconomics-USA-Biography